Effectiveness of team teaching approach in learning mathematics among grade eight students/ (Record no. 79877)
[ view plain ]
| 000 -LEADER | |
|---|---|
| fixed length control field | 01584nam a22002537a 4500 |
| 003 - CONTROL NUMBER IDENTIFIER | |
| control field | URS |
| 005 - DATE AND TIME OF LATEST TRANSACTION | |
| control field | 20240510222903.0 |
| 008 - FIXED-LENGTH DATA ELEMENTS--GENERAL INFORMATION | |
| fixed length control field | 240510b |||||||| |||| 00| 0 eng d |
| 050 00 - LIBRARY OF CONGRESS CALL NUMBER | |
| Classification number | LG 221.R59. L136 |
| Item number | 2015 |
| 100 1# - MAIN ENTRY--PERSONAL NAME | |
| Personal name | LAREGA, IVAN JOE P. |
| Relator term | Researcher |
| 245 10 - TITLE STATEMENT | |
| Title | <a href="Effectiveness of team teaching approach in learning mathematics among grade eight students/">Effectiveness of team teaching approach in learning mathematics among grade eight students/</a> |
| Statement of responsibility, etc | LAREGA, IVAN JOE P., TIMBAL, JONALYN C. [and] ARILAS, LESTER B. |
| 260 #1 - PUBLICATION, DISTRIBUTION, ETC. (IMPRINT) | |
| Date of publication, distribution, etc | 2015 |
| 300 ## - PHYSICAL DESCRIPTION | |
| Extent | xii, 63 leaves |
| Other physical details | illustration |
| Dimensions | 28cm |
| 336 ## - CONTENT TYPE | |
| Source | rdacontent |
| Content type term | text |
| 337 ## - MEDIA TYPE | |
| Source | rdamedia |
| Media type term | unmediated |
| 338 ## - CARRIER TYPE | |
| Source | rdacarrier |
| Carrier type term | volume |
| 502 ## - DISSERTATION NOTE | |
| Dissertation note | a: Undergraduate Thesis or Project Development Report<br/> |
| Degree type | Bachelor of Secondary Education Major in Mathematics<br/> |
| Name of granting institution | University of Rizal System, Rodriguez, Rizal<br/> |
| Year degree granted | 20 |
| 520 ## - SUMMARY, ETC. | |
| Summary, etc | This study aimed to know the effectiveness of team teaching approach in learning mathematics among grade eight students. This was conducted during the School Year 2015-2016 at Tagumpay National High School and University of Rizal System, both located at Rodriguez, Rizal.<br/><br/>The study made use of experimental method utilizing pretest posttest research design to determine the mean scores of the respondents before and after the experiment has been conducted.<br/><br/>The respondents of the study were composed of two groups: 63 grade eight students for experimental group and 60 grade eight students for the controlled group.<br/> |
| 650 ## - SUBJECT ADDED ENTRY--TOPICAL TERM | |
| Source of heading or term | teaching approach |
| 700 ## - ADDED ENTRY--PERSONAL NAME | |
| Personal name | TIMBAL, JONALYN C. |
| Relator term | Researcher |
| 700 ## - ADDED ENTRY--PERSONAL NAME | |
| Personal name | ARILAS, LESTER B. |
| Relator term | Researcher |
| 700 ## - ADDED ENTRY--PERSONAL NAME | |
| Relator term | Adviser |
| 942 ## - ADDED ENTRY ELEMENTS (KOHA) | |
| Source of classification or shelving scheme | Library of Congress Classification |
| Koha item type | Theses and dissertations |
| Withdrawn status | Source of classification or shelving scheme | Damaged status | Not for loan | Home library | Current library | Shelving location | Date acquired | Total Checkouts | Full call number | Barcode | Date last seen | Copy number | Price effective from | Koha item type |
|---|---|---|---|---|---|---|---|---|---|---|---|---|---|---|
| Library of Congress Classification | Not For Loan | Rodriguez College Library | Rodriguez College Library | Undergraduate Theses | 05/10/2024 | LG 221.R59. L136 2015 | URSROD-UGT-MATH-0738 | 05/10/2024 | c1 | 05/10/2024 | Theses and dissertations | |||
| Library of Congress Classification | Not For Loan | Rodriguez College Library | Rodriguez College Library | Undergraduate Theses | 05/10/2024 | LG 221.R59. L136 2015 | URSROD-UGT-MATH-0739 | 05/10/2024 | c2 | 05/10/2024 | Theses and dissertations |